Stolice państw i terenów autonomicznych/zależnych Europy - Statystyki

Ogólne statystyki
  • Ten quiz został rozwiązany 41 razy
  • Średni wynik to 52 z 58
Statystyki odpowiedzi
Stolica Państwo % Poprawnych
Andora Andora
100%
Bruksela Belgia
100%
Podgorica Czarnogóra
100%
Wilno Litwa
100%
Ryga Łotwa
100%
Amsterdam Niderlandy (Holandia)
100%
Moskwa Rosja
100%
Bukareszt Rumunia
100%
San Marino San Marino
100%
Berno Szwajcaria
100%
Rzym Włochy
100%
Wiedeń Austria
97%
Zagrzeb Chorwacja
97%
Praga Czechy
97%
Luksemburg Luksemburg
97%
Kiszyniów Mołdawia
97%
Belgrad Serbia
97%
Sztokholm Szwecja
97%
Kijów Ukraina
97%
Budapeszt Węgry
97%
Tirana Albania
94%
Mińsk Białoruś
94%
Sarajewo Bośnia i Hercegowina
94%
Kopenhaga Dania
94%
Helsinki Finlandia
94%
Paryż Francja
94%
Ateny Grecja
94%
Madryt Hiszpania
94%
Reykjavík Islandia
94%
Prisztina Kosowo
94%
Vaduz Liechtenstein
94%
Monako Monako
94%
Berlin Niemcy
94%
Oslo Norwegia
94%
Warszawa Polska
94%
Lizbona Portugalia
94%
Watykan Watykan
94%
Sofia Bułgaria
91%
Tallinn Estonia
91%
Dublin Irlandia
91%
Skopje Macedonia Północna
91%
Bratysława Słowacja
91%
Londyn (stolica kraju) Wielka Brytania
91%
Londyn (stolica regionu) Anglia
89%
Belfast Irlandia Północna
89%
Barcelona Katalonia
89%
Lublana Słowenia
89%
Ankara Turcja
89%
Cardiff Walia
89%
Valletta Malta
86%
Edynburg Szkocja
86%
Gibraltar Gibraltar
77%
Tyraspol Naddniestrze
63%
Thorshavn Wyspy Owcze
60%
Maarianhamina Wyspy Alandzkie
51%
Douglas Wyspa Man
49%
Saint Peter Port Guernsey
40%
Saint Helier Jersey
40%
Nie znaleziono quizów pasujących do podanych kryteriów
Rozkład punktacji
Procent ludzi z każdym wynikiem
Percentyl według liczby udzielonych odpowiedzi
Twoja historia wyników
Nie rozwiązałeś tego quizu